000 01205cam a2200289 a 4500
999 _c18188
_d18186
001 32755
003 OSt
005 20220111151316.0
008 990128s1999 caua 000 0 eng
020 _a0534555985
040 _aDLC
_cDDC
_dDLC
050 0 0 _aHM48
_b.S67 1999
082 0 0 _aR/301. STA
_221
100 1 _aStark, Rodney.
245 1 0 _aDoing sociology :
_ba global perspective /
_cRodney Stark.
250 _a3rd ed.
260 _aBelmont, CA :
_bWadsworth Pub. Co.,
_cc1999.
300 _axiii, 233, A1-10, B1-6 p. :
_bill. ;
_c28 cm. +
_e1 computer disk (3 1/2 in.)
650 0 _aSociology
_xResearch
_xData processing.
856 4 2 _3Contributor biographical information
_uhttp://www.loc.gov/catdir/enhancements/fy1515/99166836-b.html
856 4 2 _3Publisher description
_uhttp://www.loc.gov/catdir/enhancements/fy1515/99166836-d.html
856 4 1 _3Table of contents only
_uhttp://www.loc.gov/catdir/enhancements/fy1515/99166836-t.html
906 _a7
_bcbc
_corignew
_d3
_encip
_f19
_gy-gencatlg
942 _2ddc
_cBK